Geography of Malaysia - Statistics

General Stats
  • This quiz has been taken 544 times
  • The average score is 13 of 20
Answer Stats
Question Answer % Correct
What is the capital of Malaysia? Kuala Lumpur
98%
What tiny nation only borders Malaysia on the above? Brunei
90%
What building in that city was once the tallest buildings in the world? Petronas Towers
90%
On what island is the eastern portion of Malaysia located? Borneo
88%
What is the second-largest ethnic group in Malaysia, after the Malay people? Han Chinese
82%
What country does Malaysia border through that peninsula? Thailand
80%
What sea is located in middle of Malaysia? South China Sea
78%
What is the second most practiced religion in Malaysia, after Islam? Buddhism
75%
What strategic strait is located between Malaysia and Sumatra? Strait of {Malacca}
72%
What is the national animal of Malaysia? Malayan Tiger
69%
What Malaysian city is located just north of Singapore? Johor Bahru
64%
What two Malaysian states are located on that island? (name either) Sabah | Sarawak
62%
What bigger peninsula is the Malay Peninsula part of? Indochina
61%
What is the most populous Malaysian city on that island? {Kota} Kinabalu
61%
On what island, starting with P, is that city mainly located? Penang
58%
To what ethnic group, that originated from southern India, do 1,796,000 people belong? Tamils
57%
What is the name of the second biggest urban-area in Malaysia? George Town
46%
What four-letter city is the capital of Perak and is nicknamed "City of Millionaires"? Ipoh
41%
What group of disputed archipelago in that sea is Malaysia one of the countries to claim? {Spratly} Islands
24%
What sea is located between Malaysia, Sulawesi and Mindanao? Celebes Sea
23%
No matching quizzes found
Score Distribution
Percent of People with Each Score
Percentile by Number Answered
Your Score History
You have not taken this quiz